Аммиак жидкий и газообразный. Плотность, энтальпия, энтропия и изобарная теплоемкость при температурах -60...350 С и давлениях 0,01...50 МПа; ГСССД 91-85

Podrobná bibliografie
Korporativní autor: СССР Государственный комитет по стандартам (Госстандарт)
Jazyk:ruština
Vydáno: Москва, Изд-во стандартов, 1986
Vydání:Изд. офиц.
Edice:Таблицы стандартных справочных данных
Témata:
Médium: Kniha
KOHA link:https://koha.lib.tpu.ru/cgi-bin/koha/opac-detail.pl?biblionumber=137558

MARC

LEADER 00000nam0a2200000 4500
001 137558
005 20231031141107.0
029 0 0 |a RU  |b 91-85  |c ГСССД 
035 |a (RuTPU)RU\TPU\book\149081 
035 |a RU\TPU\book\149079 
090 |a 137558 
100 |a 20080513d1986 k a0rusy50 ca 
101 0 |a rus 
102 |a RU 
105 |a a l 000zy 
122 2 |a d2007121020  |a d2007121020 
200 1 |a Аммиак жидкий и газообразный. Плотность, энтальпия, энтропия и изобарная теплоемкость при температурах -60...350 С и давлениях 0,01...50 МПа  |a ГСССД 91-85  |f СССР, Государственный комитет по стандартам (Госстандарт) 
205 |a Изд. офиц. 
210 |a Москва  |c Изд-во стандартов  |d 1986 
215 |a 15 с.  |c ил. 
225 1 |a Таблицы стандартных справочных данных 
229 |a Взамен Р 34-81  |a Утвержден Государственным комитетом СССР по стандартам 
610 1 |a ГСССД 
610 1 |a справочные данные 
610 1 |a аммиак 
610 1 |a плотность 
610 1 |a энтальпия 
610 1 |a энтропия 
610 1 |a изобарная теплоемкость 
610 1 |a аммиак жидкий 
610 1 |a аммиак газообразный 
675 |a 546(083)  |v 3 
712 0 1 |a СССР  |b Государственный комитет по стандартам (Госстандарт)  |c (1978-1989)  |2 stltpush  |3 (RuTPU)RU\TPU\col\12454 
801 1 |a RU  |b 63413507  |c 20080507  |g PSBO 
801 2 |a RU  |b 63413507  |c 20221207  |g PSBO 
942 |c BK